Rúbrica del misal romano, reformado para que con más facilidad pueda instruirse en ellas los eclesiásticos.

Detalles Bibliográficos
Autor principal: GALINDO, Gregorio
Formato: Libro
Publicado: México 1851
Materias:
Colección:Banco de datos
Acervo:Biblioteca del Convento de San Pablo. Yuririahupándaro. Guanajuato
Tema general:Liturgia
Notas:Buena. Ex libris de Fr. Marcelino Lozano. 2E, 1, 23 (1035 1E1).
LEADER 00776nam a22001930004500
035 |a 34572 
036 |a 213 
100 1 |a GALINDO, Gregorio 
245 1 0 |a Rúbrica del misal romano, reformado para que con más facilidad pueda instruirse en ellas los eclesiásticos.  |c Juan Sánchez y D. Valentín Araya auments. y corrects. 
260 |a México  |c 1851 
500 |a Buena. Ex libris de Fr. Marcelino Lozano. 2E, 1, 23 (1035 1E1). 
650 1 0 |a Liturgia 
949 |a CRG-CY 
959 |a Ex convento de San Pablo, Museo Regional de Yuririahpúndaro, Guanajuato  |b CCC9 
960 |a Convento San Pablo Yuririahpúndaro, Guanajuato  |b DD86 
961 |a Agustina  |b OA 
942 |c CRG-CY 
943 |g Biblioteca del Convento de San Pablo. Yuririahupándaro. Guanajuato 
999 |c 955238  |d 955238